Diseno e instalacion de una planta de filtros piloto aplicada a la filtracion directa
Gorde:
| Egile nagusia: | |
|---|---|
| Formatua: | Tesis Liburua |
| Hizkuntza: | Undetermined |
| Argitaratua: |
1985
|
| Gaiak: | |
| Etiketak: |
Etiketa erantsi
Etiketarik gabe, Izan zaitez lehena erregistro honi etiketa jartzen!
|
MARC
| LEADER | 00000nam a2200000Ia 4500 | ||
|---|---|---|---|
| 001 | 2877 | ||
| 008 | 140114s9999 xx 000 0 und d | ||
| 100 | |a Arellano Hartig, Federico | ||
| 245 | |a Diseno e instalacion de una planta de filtros piloto aplicada a la filtracion directa | ||
| 260 | |c 1985 | ||
| 500 | |a NULL | ||
| 502 | |a Escuela de ingenieria Electrica | ||
| 650 | |z PLANTA DE FILTROS PILOTO | ||
| 999 | |c 11650 |d 11650 | ||
